00931nam a2200229 i 450000100060000000300090000600500170001500700030003200800410003508000210007610000290009724501140012626000470024030000300028749000440031770000260036170000330038783000520042085200890047299900170056195201230057883430ES-MaACL20230906174827.0t|180703s1930 fr ||||1| fre d a821.133.1-32"19"0 aBenjamin, René.92770210aTaureaux et méridionaux / cRené Benjamin ; étude de René Groos ; illustrations d'André Villeboeuf. aParis : bÉditions du Capitole, c[1930] a185 p. : bil. ; c19 cm.1 aFaits et gestes de la vie contemporaine0 aGroos, René.9601370 aVilleboeuf, André.91151970 aFaits et gestes de la vie contemporaine9231620 aES-MaACLjL-32165 z.- Donat. herederos de la bibl. de Mª del Pilar Costa Palacín c83430d83430 00104070aATENEOMbATENEOMcDEPO2d2018-07-03eDONl0oL-32165p1199065r2023-02-23 00:00:00w2023-02-23yMONOGRAFIA